000 00483nam a22001817a 4500
005 20251127112555.0
008 251127b |||||||| |||| 00| 0 eng d
020 _a978-1-84703-234-8
050 _aKD 660.D37 2008
100 _aPHD:DARBYSHIRE PENNY
245 _aDARBYSHIRE ON THE THE ENGLISH LEGAL SYSTEM
250 _a9th
260 _aLONDON
_bSWEET AND MAXWELL
_c2008
300 _aX,573
500 _aINCLUDES AN INDEX
650 _aLAW GREAT BRITAIN
942 _2lcc
_cBK
999 _c216307
_d216307